[Event "44th Chess Olympiad Women 2022"]
[Site "Chennai"]
[Date "2022.07.30"]
[Round "2.20"]
[White "Ciolacu, Alessia-Mihaela"]
[Black "Chaves, Jussara"]
[Result "1-0"]
[WhiteElo "2163"]
[BlackElo "1933"]
[Annotator "ChessBase"]
[PlyCount "69"]
[EventDate "2022.07.29"]
[EventType "team-tourn"]
[EventCountry "IND"]
[SourceTitle "playchess.com"]
[Source "ChessBase"]
[SourceQuality "1"]
[WhiteTeam "Romania"]
[BlackTeam "Portugal"]
[WhiteTeamCountry "ROU"]
[BlackTeamCountry "POR"]

1. d4 c6 2. c4 d5 3. Nf3 Nf6 4. e3 g6 5. Nc3 Bg7 6. Be2 O-O 7. O-O Be6 8. cxd5
cxd5 9. Ne5 Nfd7 10. Nd3 Nc6 11. Nf4 Nb6 12. Nxe6 fxe6 13. Bg4 Qd7 14. h4 Bf6
15. h5 gxh5 16. Bxh5 e5 17. Bg4 e6 18. Ne2 Rae8 19. a4 Qg7 20. Bh5 Rc8 21. a5
Nd7 22. Ra4 b5 23. axb6 Nxb6 24. dxe5 Nxa4 25. exf6 Qg5 26. f7+ Kh8 27. Nf4 Nc5
28. b4 Nxb4 29. Qd4+ e5 30. Qxb4 d4 31. exd4 exf4 32. dxc5 Kg7 33. Qc3+ Kh6 34.
Qh3 Rc6 35. Bf3+ 1-0

[Event "44th Chess Olympiad Women 2022"]
[Site "Chennai"]
[Date "2022.07.30"]
[Round "2.20"]
[White "Pipiras, Filipa Fortuna"]
[Black "Bulmaga, Irina"]
[Result "0-1"]
[WhiteElo "2139"]
[BlackElo "2394"]
[Annotator "TA"]
[PlyCount "60"]
[EventDate "2022.07.29"]
[EventType "team-tourn"]
[EventCountry "IND"]
[SourceTitle "playchess.com"]
[Source "ChessBase"]
[SourceQuality "1"]
[WhiteTeam "Portugal"]
[BlackTeam "Romania"]
[WhiteTeamCountry "POR"]
[BlackTeamCountry "ROU"]

1. d4 Nf6 2. c4 e6 3. Nc3 Bb4 4. Qc2 b6 5. a3 Bxc3+ 6. Qxc3 Bb7 7. Bg5 h6 8.
Bh4 g5 9. Bg3 Ne4 10. Qc2 d6 11. f3 Nxg3 12. hxg3 Nd7 13. e4 c5 14. dxc5 dxc5
15. O-O-O Qc7 16. Ne2 O-O-O 17. Nc3 Qxg3 18. Nb5 a6 19. Nd6+ Kc7 20. Kb1 Ne5
21. Rh3 Qf4 22. Nxb7 Kxb7 23. Rxd8 Rxd8 24. Rxh6 Rd2 25. Qc1 Qe3 26. Rh7 Nd3
27. Rxf7+ Kc6 28. Bxd3 Qxd3+ 29. Ka2 Rd1 30. Qxg5 Qxc4+ 0-1

[Event "44th Chess Olympiad Women 2022"]
[Site "Chennai"]
[Date "2022.07.30"]
[Round "2.20"]
[White "Silva, Mariana Sofia T."]
[Black "Cosma, Elena-Luminita"]
[Result "0-1"]
[WhiteElo "1912"]
[BlackElo "2248"]
[Annotator "RC"]
[PlyCount "112"]
[EventDate "2022.07.29"]
[EventType "team-tourn"]
[EventCountry "IND"]
[SourceTitle "playchess.com"]
[Source "ChessBase"]
[SourceQuality "1"]
[WhiteTeam "Portugal"]
[BlackTeam "Romania"]
[WhiteTeamCountry "POR"]
[BlackTeamCountry "ROU"]

1. d4 d5 2. c4 e6 3. Nf3 Nf6 4. g3 dxc4 5. Bg2 Bb4+ 6. Bd2 Bd6 7. Qa4+ Nc6 8.
Qxc4 e5 9. dxe5 Nxe5 10. Nxe5 Bxe5 11. Qb5+ Nd7 12. Bc3 O-O 13. O-O c6 14. Qd3
Bxc3 15. Nxc3 Nf6 16. Rfd1 Be6 17. b4 Qxd3 18. Rxd3 a5 19. b5 cxb5 20. Bxb7
Rab8 21. Bf3 Rfc8 22. e4 Nd7 23. Nd5 Ne5 24. Ne7+ Kf8 25. Nxc8 Nxd3 26. Na7 Ne5
27. Be2 Bc4 28. Bxc4 bxc4 29. f4 Nd3 30. Nc6 Rb2 31. Nxa5 c3 32. Nc4 Re2 33.
Na3 c2 34. Nxc2 Rxc2 35. a4 Nc5 36. e5 Na6 37. Ra3 g6 38. h3 h5 39. Kf1 Ke8 40.
Ke1 Rc4 41. Kd2 h4 42. Kd3 Rb4 43. g4 Rxf4 44. Ke3 Rb4 45. a5 Ke7 46. Rd3 Rb5
47. Kf4 Rxa5 48. Re3 Nc7 49. Kg5 Ke6 50. Kxh4 Rxe5 51. Rc3 Ne8 52. Ra3 Nd6 53.
Rb3 Kf6 54. Rb6 Rd5 55. Ra6 Kg7 56. Rc6 Ne4 0-1

[Event "44th Chess Olympiad Women 2022"]
[Site "Chennai"]
[Date "2022.07.30"]
[Round "2.21"]
[White "Houska, Jovanka"]
[Black "Cordero, Daniela"]
[Result "1-0"]
[WhiteElo "2360"]
[BlackElo "2005"]
[Annotator "RC"]
[PlyCount "61"]
[EventDate "2022.07.29"]
[EventType "team-tourn"]
[EventCountry "IND"]
[SourceTitle "playchess.com"]
[Source "ChessBase"]
[SourceQuality "1"]
[WhiteTeam "England"]
[BlackTeam "Bolivia"]
[WhiteTeamCountry "ENG"]
[BlackTeamCountry "BOL"]

1. d4 Nf6 2. Nf3 e6 3. c4 c5 4. d5 exd5 5. cxd5 d6 6. Nc3 g6 7. Nd2 Nbd7 8. e4
Bg7 9. Be2 O-O 10. O-O a6 11. a4 b6 12. Nc4 Ne8 13. f4 Rb8 14. Be3 b5 15. axb5
axb5 16. Na5 Rb6 17. Nc6 Rxc6 18. dxc6 Nb8 19. Bxb5 Nc7 20. Ba4 Qe7 21. Re1
Nba6 22. Qd2 Rd8 23. Bf2 Ne6 24. Nd5 Qf8 25. f5 Nec7 26. f6 Bh6 27. Qa5 Nxd5
28. exd5 Nb4 29. c7 Rd7 30. Bxd7 Bxd7 31. Re7 1-0

[Event "44th Chess Olympiad Women 2022"]
[Site "Chennai"]
[Date "2022.07.30"]
[Round "2.21"]
[White "Kalaiyalahan, Akshaya"]
[Black "Molina, Jessica"]
[Result "1-0"]
[WhiteElo "2158"]
[BlackElo "1889"]
[Annotator "RC"]
[PlyCount "127"]
[EventDate "2022.07.29"]
[EventType "team-tourn"]
[EventCountry "IND"]
[SourceTitle "playchess.com"]
[Source "ChessBase"]
[SourceQuality "1"]
[WhiteTeam "England"]
[BlackTeam "Bolivia"]
[WhiteTeamCountry "ENG"]
[BlackTeamCountry "BOL"]

1. Nf3 d5 2. e3 Nf6 3. c4 c6 4. b3 e6 5. Bb2 Be7 6. Nc3 Nbd7 7. Qc2 b6 8. d4
Bb7 9. Bd3 Rc8 10. O-O O-O 11. Ne5 h6 12. cxd5 Nxd5 13. Nxd5 cxd5 14. Qe2 Nxe5
15. dxe5 Bc5 16. Rad1 Qe7 17. Bb1 a5 18. f4 Ra8 19. Bd3 Rfd8 20. a4 g6 21. Kh1
Qh4 22. Rf3 d4 23. e4 f5 24. exf6 Qxf6 25. Rg3 e5 26. fxe5 Qxe5 27. Rxg6+ Kh7
28. Rg4 Rg8 29. Rf1 Raf8 30. Rxg8 Kxg8 31. Qg4+ Kh8 32. Rxf8+ Bxf8 33. Bc4 Bg7
34. Bd3 Bf8 35. Qf5 Bd6 36. Qxe5+ Bxe5 37. g3 Kg7 38. Kg2 Bc8 39. Kf3 h5 40.
Ke2 Be6 41. Kd2 Bxb3 42. Bb5 Ba2 43. Be8 Kh6 44. Kd3 Bb1+ 45. Kc4 Bxe4 46. Bxd4
Bxd4 47. Kxd4 Bc2 48. h4 Kg7 49. Kc4 Kf6 50. Kb5 Bd1 51. Kxb6 Kf5 52. Bd7+ Ke4
53. Bc6+ Kf5 54. Bd7+ Ke4 55. Kxa5 Kf3 56. g4 hxg4 57. h5 g3 58. h6 Bc2 59.
Bc6+ Kf4 60. Kb4 Ke5 61. a5 Kd6 62. Bf3 Kc7 63. Kc5 Bd1 64. h7 1-0

[Event "44th Chess Olympiad Women 2022"]
[Site "Chennai"]
[Date "2022.07.30"]
[Round "2.21"]
[White "Ramirez, Maria Eugenia"]
[Black "Toma, Katarzyna"]
[Result "1-0"]
[WhiteElo "2005"]
[BlackElo "2303"]
[Annotator "RC"]
[PlyCount "113"]
[EventDate "2022.07.29"]
[EventType "team-tourn"]
[EventCountry "IND"]
[SourceTitle "playchess.com"]
[Source "ChessBase"]
[SourceQuality "1"]
[WhiteTeam "Bolivia"]
[BlackTeam "England"]
[WhiteTeamCountry "BOL"]
[BlackTeamCountry "ENG"]

1. e4 c5 2. Na3 Nc6 3. Bb5 e6 4. Nf3 d5 5. exd5 Qxd5 6. O-O Bd7 7. Bc4 Qh5 8.
c3 Nf6 9. Be2 Be7 10. d4 cxd4 11. cxd4 Bxa3 12. bxa3 Qa5 13. Rb1 Qc7 14. Bg5
Nd5 15. Qc2 Rc8 16. Rfc1 O-O 17. Qb2 f6 18. Bh4 b6 19. Ba6 Rce8 20. Bg3 Qd8 21.
Nd2 f5 22. Bd6 Rf6 23. Nf3 Qa8 24. Ne5 Nxe5 25. Bxe5 Rg6 26. Bf1 h5 27. Qe2 Rh6
28. Rb3 h4 29. g3 Rc8 30. Rxc8+ Qxc8 31. Bg2 h3 32. Bxd5 exd5 33. Qd2 Rc6 34.
Rb1 Rc2 35. Qg5 Qf8 36. Ra1 Bb5 37. Qh4 Qxa3 38. Qg5 Qf8 39. Qh4 Qc8 40. Qg5
Qd7 41. Qh4 Be2 42. Qxh3 Qc8 43. Bf4 Bf3 44. Qh4 Be4 45. Qh5 Qc6 46. Re1 Rxa2
47. f3 g6 48. Qg5 Kf7 49. Qh6 Qc2 50. Qh7+ Ke6 51. Qxg6+ Ke7 52. Bg5+ Kf8 53.
Qf6+ Kg8 54. Qe6+ Kg7 55. Bf6+ Kg6 56. Be5+ Kh5 57. Qf7+ 1-0

[Event "44th Chess Olympiad Women 2022"]
[Site "Chennai"]
[Date "2022.07.30"]
[Round "2.21"]
[White "Monroy G., Nataly A."]
[Black "Varney, Zoe"]
[Result "*"]
[WhiteElo "1907"]
[BlackElo "2045"]
[Annotator "NA RC"]
[PlyCount "86"]
[EventDate "2022.07.29"]
[EventType "team-tourn"]
[EventCountry "IND"]
[SourceTitle "playchess.com"]
[Source "ChessBase"]
[SourceQuality "1"]
[WhiteTeam "Bolivia"]
[BlackTeam "England"]
[WhiteTeamCountry "BOL"]
[BlackTeamCountry "ENG"]

1. d4 Nf6 2. Nf3 g6 3. c4 Bg7 4. Nc3 O-O 5. e4 d6 6. h3 e5 7. d5 a5 8. Bd3 Na6
9. Be3 Nd7 10. g4 Ndc5 11. Bc2 f5 12. gxf5 gxf5 13. Bg5 Qe8 14. Rg1 Kh8 15. Nh4
fxe4 16. Nxe4 Nxe4 17. Bxe4 Nc5 18. Qe2 Nxe4 19. Qxe4 Qh5 20. Rg3 Bd7 21. Qe2
Qxe2+ 22. Kxe2 b5 23. b3 a4 24. Rd1 axb3 25. axb3 bxc4 26. bxc4 Ra4 27. Rdg1
Ra2+ 28. Bd2 Bh6 29. Nf3 e4 30. Ng5 Be8 31. Nxe4 Bg6 32. Ng5 Bh5+ 33. Kd3 Bg6+
34. Ke2 Bh5+ 35. Kd3 Ra3+ 36. Bc3+ Bg7 37. Ne4 Bxc3 38. Nxc3 Bg6+ 39. Ke2 Bh5+
40. Kd3 Bg6+ 41. Ke2 Bh5+ 42. Kf1 Bf3 43. Ke1 Rxc3 *

[Event "44th Chess Olympiad Women 2022"]
[Site "Chennai"]
[Date "2022.07.30"]
[Round "2.22"]
[White "Repkova, Eva"]
[Black "Johannsdottir, Johanna Bjorg"]
[Result "1-0"]
[WhiteElo "2303"]
[BlackElo "1976"]
[Annotator "ChessBase"]
[PlyCount "63"]
[EventDate "2022.07.29"]
[EventType "team-tourn"]
[EventCountry "IND"]
[SourceTitle "playchess.com"]
[Source "ChessBase"]
[SourceQuality "1"]
[WhiteTeam "Slovakia"]
[BlackTeam "Iceland"]
[WhiteTeamCountry "SVK"]
[BlackTeamCountry "ISL"]

1. e4 c5 2. Nf3 d6 3. d4 cxd4 4. Nxd4 Nf6 5. Nc3 a6 6. g3 g6 7. Bg2 Bg7 8. h3
O-O 9. O-O Nc6 10. Be3 Ne5 11. b3 Bd7 12. Qd2 Rc8 13. a4 Re8 14. a5 Nc6 15.
Nxc6 Bxc6 16. Bb6 Qd7 17. Rae1 Bb5 18. Nxb5 Qxb5 19. e5 Nd7 20. c4 Qxb3 21. Re3
Qxc4 22. Bd5 Qa4 23. Re4 Qb5 24. Rb4 Rc2 25. Bxf7+ Kxf7 26. Qf4+ Kg8 27. Rxb5
axb5 28. Qe4 Rc6 29. exd6 Rxd6 30. Bc7 Nc5 31. Qb4 Na6 32. Qb3+ 1-0

[Event "44th Chess Olympiad Women 2022"]
[Site "Chennai"]
[Date "2022.07.30"]
[Round "2.22"]
[White "Mrvova, Alena"]
[Black "Acevedo Mendez, Lisseth"]
[Result "1-0"]
[WhiteElo "2165"]
[BlackElo "1784"]
[Annotator "RC"]
[PlyCount "69"]
[EventDate "2022.07.29"]
[EventType "team-tourn"]
[EventCountry "IND"]
[SourceTitle "playchess.com"]
[Source "ChessBase"]
[SourceQuality "1"]
[WhiteTeam "Slovakia"]
[BlackTeam "Iceland"]
[WhiteTeamCountry "SVK"]
[BlackTeamCountry "ISL"]

1. Nf3 Nf6 2. g3 g6 3. Bg2 Bg7 4. O-O O-O 5. Re1 d6 6. e4 c5 7. d3 Nc6 8. Nbd2
h6 9. a4 Be6 10. Nc4 d5 11. exd5 Nxd5 12. Nfe5 Nxe5 13. Nxe5 Qc7 14. Nxg6 Rfe8
15. Nf4 Nxf4 16. Bxf4 Qd7 17. Qh5 Bg4 18. Qh4 Kh7 19. h3 Bf5 20. g4 Bg6 21.
Bxh6 Bxh6 22. g5 Rh8 23. gxh6 Rae8 24. Re5 b6 25. Rae1 e6 26. Rg5 Rhg8 27. Rg3
Qe7 28. Qf4 Rd8 29. Be4 Rde8 30. h4 f5 31. Bc6 Rc8 32. Bd5 Bf7 33. Qxf5+ Kxh6
34. Bxe6 Rce8 35. Qf4+ 1-0

[Event "44th Chess Olympiad Women 2022"]
[Site "Chennai"]
[Date "2022.07.30"]
[Round "2.22"]
[White "Ptacnikova, Lenka"]
[Black "Borosova, Zuzana"]
[Result "1/2-1/2"]
[WhiteElo "2066"]
[BlackElo "2277"]
[Annotator "RC"]
[PlyCount "64"]
[EventDate "2022.07.29"]
[EventType "team-tourn"]
[EventCountry "IND"]
[SourceTitle "playchess.com"]
[Source "ChessBase"]
[SourceQuality "1"]
[WhiteTeam "Iceland"]
[BlackTeam "Slovakia"]
[WhiteTeamCountry "ISL"]
[BlackTeamCountry "SVK"]

1. Nf3 d5 2. g3 c6 3. Bg2 Bg4 4. h3 Bh5 5. O-O Nd7 6. d3 e6 7. Qe1 Bd6 8. e4
Ne7 9. e5 Bc7 10. d4 c5 11. Be3 Bxf3 12. Bxf3 cxd4 13. Bxd4 Nc6 14. Be3 Ndxe5
15. Bg2 O-O 16. b3 Bb6 17. Bxb6 Qxb6 18. c3 Rad8 19. Kh2 Qc5 20. a4 d4 21. b4
Qd6 22. b5 Na5 23. cxd4 Nec4 24. Na3 b6 25. Nc2 Rd7 26. Qc3 Rfd8 27. Rfe1 Rc7
28. Rad1 Na3 29. Qxa3 Rxc2 30. Qf3 Rc4 31. d5 e5 32. Qf5 f6 1/2-1/2

[Event "44th Chess Olympiad Women 2022"]
[Site "Chennai"]
[Date "2022.07.30"]
[Round "2.22"]
[White "Thorsteinsdottir, Hallgerdur"]
[Black "Sucikova, Svetlana"]
[Result "0-1"]
[WhiteElo "1934"]
[BlackElo "2188"]
[Annotator "ChessBase"]
[PlyCount "68"]
[EventDate "2022.07.29"]
[EventType "team-tourn"]
[EventCountry "IND"]
[SourceTitle "playchess.com"]
[Source "ChessBase"]
[SourceQuality "1"]
[WhiteTeam "Iceland"]
[BlackTeam "Slovakia"]
[WhiteTeamCountry "ISL"]
[BlackTeamCountry "SVK"]

1. e4 c6 2. d4 d5 3. e5 Bf5 4. Nf3 e6 5. Be2 Nd7 6. O-O Ne7 7. a4 c5 8. c4 a6
9. Nc3 dxc4 10. dxc5 Nc6 11. Bf4 Nxc5 12. Bxc4 Be7 13. Qe2 Nd4 14. Qd1 Nxf3+
15. Qxf3 Qb6 16. Qe2 O-O 17. Be3 Qc6 18. b4 Nd7 19. b5 Qc7 20. bxa6 bxa6 21. f4
Rfc8 22. Bxa6 Rxa6 23. Qxa6 Qxc3 24. Rfe1 Bd3 25. Qb7 Rc7 26. Qa8+ Nf8 27. Qb8
Be4 28. Rac1 Qxe3+ 29. Rxe3 Rxc1+ 30. Kf2 Bc5 31. Qb3 Bd5 32. Qb2 Rc4 33. Ke2
Rxf4 34. a5 Bc4+ 0-1

[Event "44th Chess Olympiad Women 2022"]
[Site "Chennai"]
[Date "2022.07.30"]
[Round "2.23"]
[White "Movsesian, Julia"]
[Black "Mezioud, Amina"]
[Result "1-0"]
[WhiteElo "2291"]
[BlackElo "2024"]
[Annotator "ChessBase"]
[PlyCount "63"]
[EventDate "2022.07.29"]
[EventType "team-tourn"]
[EventCountry "IND"]
[SourceTitle "playchess.com"]
[Source "ChessBase"]
[SourceQuality "1"]
[WhiteTeam "Czech Republic"]
[BlackTeam "Algeria"]
[WhiteTeamCountry "CZE"]
[BlackTeamCountry "ALG"]

1. e4 c5 2. Nc3 e6 3. Nge2 a6 4. g3 b5 5. Bg2 Bb7 6. d4 c4 7. O-O d6 8. Re1 Nd7
9. Nf4 b4 10. Na4 Qa5 11. b3 Qc7 12. bxc4 Qxc4 13. Nb2 Qc7 14. Nbd3 Ngf6 15. a3
bxa3 16. Bxa3 g5 17. Nh5 h6 18. Rb1 Nxh5 19. Qxh5 e5 20. Bh3 Bc8 21. Qf3 Bg7
22. Nb4 Nb6 23. Bxc8 Qxc8 24. Nd5 Nc4 25. Nb6 Nxb6 26. Rxb6 Rb8 27. Rxd6 exd4
28. Rd5 Qxc2 29. Qf5 Qc8 30. Re5+ Bxe5 31. Qxe5+ Kd7 32. Qd6+ 1-0

[Event "44th Chess Olympiad Women 2022"]
[Site "Chennai"]
[Date "2022.07.30"]
[Round "2.23"]
[White "Petrova, Kristyna"]
[Black "Abdi, Zineb Dina"]
[Result "1/2-1/2"]
[WhiteElo "2238"]
[BlackElo "1899"]
[Annotator "RC"]
[PlyCount "73"]
[EventDate "2022.07.29"]
[EventType "team-tourn"]
[EventCountry "IND"]
[SourceTitle "playchess.com"]
[Source "ChessBase"]
[SourceQuality "1"]
[WhiteTeam "Czech Republic"]
[BlackTeam "Algeria"]
[WhiteTeamCountry "CZE"]
[BlackTeamCountry "ALG"]

1. c4 Nf6 2. Nc3 e5 3. g3 d5 4. cxd5 Nxd5 5. Bg2 Nb6 6. Nf3 Nc6 7. O-O Be7 8.
Rb1 a5 9. d3 O-O 10. Be3 Be6 11. a3 Nd5 12. Nxd5 Bxd5 13. Qa4 f6 14. Rfc1 Qd7
15. Nd2 Bxg2 16. Kxg2 Qd5+ 17. Nf3 Rfd8 18. Qc4 Qxc4 19. Rxc4 Rd7 20. Rbc1 Bd6
21. Nd2 Nd8 22. Ne4 Ne6 23. Nxd6 Rxd6 24. f4 exf4 25. Bxf4 Nxf4+ 26. gxf4 c6
27. Re4 Kf7 28. Rcc4 Rad8 29. Ra4 Rd5 30. b4 f5 31. Re5 Rxe5 32. fxe5 axb4 33.
Rxb4 Rd7 34. Kf3 Ke6 35. Kf4 h6 36. h4 g5+ 37. hxg5 1/2-1/2

[Event "44th Chess Olympiad Women 2022"]
[Site "Chennai"]
[Date "2022.07.30"]
[Round "2.23"]
[White "Nassr, Lina"]
[Black "Pilsova, Karolina"]
[Result "1/2-1/2"]
[WhiteElo "2011"]
[BlackElo "2230"]
[Annotator "ChessBase"]
[PlyCount "60"]
[EventDate "2022.07.29"]
[EventType "team-tourn"]
[EventCountry "IND"]
[SourceTitle "playchess.com"]
[Source "ChessBase"]
[SourceQuality "1"]
[WhiteTeam "Algeria"]
[BlackTeam "Czech Republic"]
[WhiteTeamCountry "ALG"]
[BlackTeamCountry "CZE"]

1. d4 Nf6 2. Nf3 d5 3. e3 Bf5 4. Bd3 Bxd3 5. cxd3 e6 6. Nc3 Be7 7. e4 O-O 8.
O-O c5 9. dxc5 Bxc5 10. Bg5 Be7 11. Qb3 Nbd7 12. Bxf6 Bxf6 13. exd5 Nc5 14. Qb5
Bxc3 15. Qxc5 Bxb2 16. Rab1 Bf6 17. dxe6 fxe6 18. Rxb7 Qxd3 19. Rxa7 Rxa7 20.
Qxa7 Qd5 21. Rb1 Ra8 22. Qb7 Qxa2 23. h3 Rd8 24. Re1 Qd5 25. Qc7 Qd6 26. Qc4
Qd5 27. Qc7 Qd6 28. Qc4 Qd5 29. Qc7 Qd6 30. Qc4 Qd5 1/2-1/2

[Event "44th Chess Olympiad Women 2022"]
[Site "Chennai"]
[Date "2022.07.30"]
[Round "2.23"]
[White "Nassr, Rania"]
[Black "Koubova, Anna Marie"]
[Result "1/2-1/2"]
[WhiteElo "1737"]
[BlackElo "2115"]
[Annotator "NA RC"]
[PlyCount "87"]
[EventDate "2022.07.29"]
[EventType "team-tourn"]
[EventCountry "IND"]
[SourceTitle "playchess.com"]
[Source "ChessBase"]
[SourceQuality "1"]
[WhiteTeam "Algeria"]
[BlackTeam "Czech Republic"]
[WhiteTeamCountry "ALG"]
[BlackTeamCountry "CZE"]

1. Nf3 Nf6 2. d4 e6 3. g3 b6 4. Bg2 Bb7 5. O-O c5 6. e3 Be7 7. b3 O-O 8. Bb2
cxd4 9. exd4 d5 10. Ne5 Nbd7 11. c4 Qc7 12. Nc3 dxc4 13. Nxc4 Bxg2 14. Kxg2 b5
15. Nd2 Nb6 16. Rc1 Qd7 17. Nce4 Rfd8 18. Qf3 Rac8 19. Rfd1 Qd5 20. Nc3 Qxf3+
21. Nxf3 a6 22. Ne5 h6 23. h3 Rc7 24. Ne2 Rdc8 25. Rxc7 Rxc7 26. Rc1 Rxc1 27.
Nxc1 Nfd7 28. Nc6 Bd6 29. Nd3 Nd5 30. Nce5 Nxe5 31. dxe5 Be7 32. Bd4 Kf8 33.
Kf3 Ke8 34. a4 Nb4 35. Nxb4 Bxb4 36. axb5 axb5 37. Ke4 Kd7 38. f4 Kc6 39. g4
Bc5 40. Bc3 g6 41. b4 Be7 42. Bd2 h5 43. g5 Bd8 44. Bc3 1/2-1/2

[Event "44th Chess Olympiad Women 2022"]
[Site "Chennai"]
[Date "2022.07.30"]
[Round "2.24"]
[White "Nguyen, Thi Mai Hung"]
[Black "Diaz Charpentier, Kristel Meliss"]
[Result "1/2-1/2"]
[WhiteElo "2223"]
[BlackElo "1989"]
[Annotator "RC"]
[PlyCount "104"]
[EventDate "2022.07.29"]
[EventType "team-tourn"]
[EventCountry "IND"]
[SourceTitle "playchess.com"]
[Source "ChessBase"]
[SourceQuality "1"]
[WhiteTeam "Vietnam"]
[BlackTeam "Costa Rica"]
[WhiteTeamCountry "VIE"]
[BlackTeamCountry "CRI"]

1. d4 Nf6 2. Nf3 e6 3. e3 c5 4. Bd3 b6 5. O-O Bb7 6. c4 Be7 7. Nc3 cxd4 8. exd4
d5 9. Qe2 Nc6 10. cxd5 Nxd5 11. Rd1 O-O 12. Nxd5 Qxd5 13. Be4 Qh5 14. Bf4 Rfd8
15. Qe3 Qb5 16. Rac1 Rac8 17. b3 Na5 18. Bd3 Qd5 19. h3 Ba3 20. Rxc8 Rxc8 21.
Be5 h6 22. Bb1 Bd6 23. Qd3 Bxe5 24. dxe5 Qxd3 25. Bxd3 Bxf3 26. gxf3 Nc6 27. f4
Nb4 28. Bc4 a6 29. a3 b5 30. Bxe6 fxe6 31. axb4 Rc3 32. Rd6 Rxb3 33. Rxe6 Rxb4
34. Rxa6 Rxf4 35. Rb6 b4 36. Kg2 Re4 37. Rb5 Kf7 38. f3 Rc4 39. Rb6 h5 40. Kf2
h4 41. Ke3 Rc3+ 42. Kf4 b3 43. Kg4 g5 44. Kxg5 Rxf3 45. Kxh4 Re3 46. Kg4 Rxe5
47. Rxb3 Kg6 48. Rb6+ Kg7 49. h4 Ra5 50. Rb4 Kh6 51. Rc4 Rb5 52. h5 Rg5+
1/2-1/2

[Event "44th Chess Olympiad Women 2022"]
[Site "Chennai"]
[Date "2022.07.30"]
[Round "2.24"]
[White "Hernandez Alvarez, Tania Regla"]
[Black "Vo, Thi Kim Phung"]
[Result "1/2-1/2"]
[WhiteElo "2058"]
[BlackElo "2333"]
[Annotator "TA"]
[PlyCount "185"]
[EventDate "2022.07.29"]
[EventType "team-tourn"]
[EventCountry "IND"]
[SourceTitle "playchess.com"]
[Source "ChessBase"]
[SourceQuality "1"]
[WhiteTeam "Costa Rica"]
[BlackTeam "Vietnam"]
[WhiteTeamCountry "CRI"]
[BlackTeamCountry "VIE"]

1. Nf3 d5 2. c4 d4 3. e3 c5 4. exd4 cxd4 5. d3 Nc6 6. g3 e5 7. Bg2 Nf6 8. O-O
Bd6 9. a3 a5 10. Bg5 h6 11. Bxf6 Qxf6 12. Nbd2 Qd8 13. Re1 O-O 14. Qc2 Re8 15.
Rab1 a4 16. c5 Bc7 17. Nc4 Be6 18. Nfd2 Bd5 19. Ne4 Bxc4 20. Qxc4 Qd7 21. Nd2
Ba5 22. Re2 Bxd2 23. Rxd2 Na5 24. Qb4 f5 25. Re1 Nb3 26. Rdd1 Ra5 27. Qc4+ Kf8
28. c6 bxc6 29. Bxc6 Qc7 30. Qb4+ Re7 31. Bxa4 Nc5 32. Bb5 Qb6 33. Bc4 Nd7 34.
Qd2 Rc5 35. Rc1 e4 36. dxe4 Ne5 37. Be2 d3 38. Rxc5 Qxc5 39. Bd1 fxe4 40. Rxe4
g5 41. Qe3 Qxe3 42. Rxe3 d2 43. Kf1 g4 44. Ke2 Kg7 45. b3 Kf6 46. Kxd2 Rd7+ 47.
Kc2 Rc7+ 48. Rc3 Rf7 49. f4 gxf3 50. Bxf3 Ke6 51. Be2 Rf2 52. Kd1 Rxh2 53. a4
Kd5 54. b4 Kd4 55. Rb3 Rh1+ 56. Kd2 Rh2 57. Ke1 Nc4 58. Rd3+ Ke4 59. Rf3 Ne5
60. Rf2 Rh3 61. Rg2 Ke3 62. Kd1 Nc6 63. Bg4 Rh1+ 64. Kc2 Nxb4+ 65. Kb3 Nd3 66.
a5 Ra1 67. Re2+ Kd4 68. Rd2 Rxa5 69. Be2 Ke3 70. Rxd3+ Kxe2 71. Rd6 h5 72. Rg6
Kf3 73. Kc3 Kf2 74. Kd2 Ra2+ 75. Kd1 Kf3 76. Rg5 Rh2 77. Ke1 Rh3 78. Kd2 Kf2
79. Kd1 Ke3 80. Re5+ Kf3 81. Rg5 Rh2 82. Ke1 Re2+ 83. Kd1 Rh2 84. Ke1 Rh3 85.
Kd2 Rh1 86. Kc2 Ke3 87. Re5+ Kd4 88. Rg5 Ke4 89. Kd2 Kf3 90. Kc2 Rh2+ 91. Kd1
Kf2 92. Kd2 Rh1 93. Kc2 1/2-1/2

[Event "44th Chess Olympiad Women 2022"]
[Site "Chennai"]
[Date "2022.07.30"]
[Round "2.24"]
[White "Nguyen, Thien Ngan"]
[Black "Mayorga Araya, Sofia"]
[Result "1-0"]
[WhiteElo "1912"]
[BlackElo "1758"]
[Annotator "NA"]
[PlyCount "91"]
[EventDate "2022.07.29"]
[EventType "team-tourn"]
[EventCountry "IND"]
[SourceTitle "playchess.com"]
[Source "ChessBase"]
[SourceQuality "1"]
[WhiteTeam "Vietnam"]
[BlackTeam "Costa Rica"]
[WhiteTeamCountry "VIE"]
[BlackTeamCountry "CRI"]

1. e4 c5 2. Nf3 d6 3. d4 cxd4 4. Nxd4 Nf6 5. Nc3 a6 6. Be3 e5 7. Nb3 Be6 8. Be2
Be7 9. O-O O-O 10. Qd2 Nbd7 11. Bf3 Qc7 12. Rfd1 Rfc8 13. a4 h6 14. a5 b5 15.
axb6 Nxb6 16. Na5 Rab8 17. Qc1 Nc4 18. Nxc4 Bxc4 19. Bd2 Qb7 20. b3 Be6 21. h3
Rc7 22. Ra2 Qc8 23. Qa1 Ra8 24. Be2 Rc6 25. Be1 Bd8 26. Bb5 Rb6 27. Bd3 Rc6 28.
Nd5 Nxd5 29. exd5 Bxd5 30. c4 Be6 31. Be4 f5 32. Bxc6 Qxc6 33. Bb4 Be7 34. Rad2
Rd8 35. Qa3 Qe4 36. Bxd6 Bg5 37. Qa5 Rd7 38. Rd3 Bf6 39. Qxa6 f4 40. c5 Qe2 41.
c6 Rxd6 42. Qa8+ Rd8 43. Rxd8+ Bxd8 44. Qxd8+ Kf7 45. Qd3 Qa2 46. c7 1-0

[Event "44th Chess Olympiad Women 2022"]
[Site "Chennai"]
[Date "2022.07.30"]
[Round "2.24"]
[White "Rodriguez Arrieta, Maria Elena"]
[Black "Bach, Ngoc Thuy Duong"]
[Result "0-1"]
[WhiteElo "1849"]
[BlackElo "2192"]
[Annotator "ChessBase"]
[PlyCount "86"]
[EventDate "2022.07.29"]
[EventType "team-tourn"]
[EventCountry "IND"]
[SourceTitle "playchess.com"]
[Source "ChessBase"]
[SourceQuality "1"]
[WhiteTeam "Costa Rica"]
[BlackTeam "Vietnam"]
[WhiteTeamCountry "CRI"]
[BlackTeamCountry "VIE"]

1. e4 c5 2. Nf3 d6 3. Bb5+ Nc6 4. O-O Bd7 5. Re1 Nf6 6. c3 a6 7. Bf1 Bg4 8. h3
Bxf3 9. Qxf3 g6 10. d3 Bg7 11. Be3 Nd7 12. Nd2 O-O 13. Qd1 b5 14. Nf3 Nb6 15.
d4 Na4 16. Re2 Qa5 17. Rc1 Rfd8 18. Rec2 b4 19. cxb4 Nxb4 20. Rd2 Nc6 21. b3
Nc3 22. Qc2 cxd4 23. Nxd4 Nxd4 24. Bxd4 Nxe4 25. Rdd1 Bxd4 26. Rxd4 d5 27. b4
Qb6 28. Rcd1 e6 29. a4 Rdc8 30. Qb2 Nc3 31. R1d3 Nxa4 32. Qa1 Qc6 33. Ra3 Nc3
34. Rxa6 Rxa6 35. Qxa6 Qxa6 36. Bxa6 Ra8 37. Bf1 Ra1 38. Rd2 Rb1 39. Rc2 d4 40.
f4 Kg7 41. b5 Nd5 42. g3 Ne3 43. Rf2 d3 0-1